Liberale Demokratie in Europa und den USA Fetschrift für Kurt L. Shell

Na minha lista:
Detalhes bibliográficos
Formato: Livro
Idioma:alemão
Publicado em: Frankfurt am Main Campus 1990
Edição:1. Aufl.
Assuntos:
Tags: Adicionar Tag
Sem tags, seja o primeiro a adicionar uma tag!

MARC

LEADER 00000nam a2200000 4500
001 c000589
005 20221215125404.8
020 |a 3-593-34389-4 
041 0 |a ger 
044 |a DE 
245 1 0 |a Liberale Demokratie in Europa und den USA  |b Fetschrift für Kurt L. Shell 
250 |a 1. Aufl. 
264 1 |a Frankfurt am Main  |b Campus  |c 1990 
300 |a 369 s. 
610 2 0 |a USA 
610 2 0 |a Európa 
610 2 0 |a politika 
610 2 0 |a kultúra 
610 2 0 |a spoločnosť 
610 2 0 |a liberalizmus 
610 2 0 |a demokracia 
610 2 0 |a politika svetová 
610 2 0 |a vzťahy hospodárske medzinárodné